00701nam a22002177a 4500003000500000005001700005008004100022010001000063011001000073035001000083040000900093100003600102245008800138260004000226300001000266502009900276650001400375650002200389650002300411710004900434CHAP20220329135320.0971013s1986 r 00010 d a34287 a35259 a39375 cCHAP00aLuna Torres, María Alejandra. aMargenes de comercialización del pulque para la región de Nanacamilpa, Tlaxcala aChapingo, Méx. :bEl autor,c1986 a58 h. aTesis (Ing. Agr. Esp. en Economía Agrícola) -- UACH. Departamento de Economía Agrícola14aAguamiel.14aPulquexMercadeo.14aPulquexProcesado.0 aUACH. Departamento de Economía Agrícola.